Creating adaptive policies : (Record no. 37740)

MARC details
000 -LEADER
fixed length control field 00860nam a22002177a 4500
005 - DATE AND TIME OF LATEST TRANSACTION
control field 2010072609109.0
010 ## - LCCN (DPL NO)
LC control number ENG-96929
020 ## - INTERNATIONAL STANDARD BOOK NUMBER
International Standard Book Number 9788132101475
Terms of availability 450.00
035 ## - SYSTEM CONTROL NUMBER
System control number EN-80462
037 ## - SOURCE OF ACQUISITION
Source of stock number/acquisition DBAD/PUB
082 ## - DEWEY DECIMAL CLASSIFICATION NUMBER
Classification number 320.6
245 ## - TITLE STATEMENT
Title Creating adaptive policies :
Remainder of title a guide for policy-making in an uncertain world /
Statement of responsibility, etc edited by Darren Swanson [and] Suruchi Bhadwal
260 ## - PUBLICATION, DISTRIBUTION, ETC. (IMPRINT)
Place of publication, distribution, etc New Delhi
Name of publisher, distributor, etc SAGE Publications India
Date of publication, distribution, etc 2009
270 ## - ADDRESS
Address B1/I-1 Mohan Cooperativ Industrial Area Mathura Road,
City New Delhi
Postal code 110044
300 ## - PHYSICAL DESCRIPTION
Extent vi, 168 p.
Dimensions 23cm (Hb)
500 ## - GENERAL NOTE
General note Includes index
700 ## - ADDED ENTRY--PERSONAL NAME
Personal name Swanson, Darren
9 (RLIN) 1490
700 ## - ADDED ENTRY--PERSONAL NAME
Personal name Bhadwal, Suruchi
9 (RLIN) 1506
942 ## - ADDED ENTRY ELEMENTS (KOHA)
Source of classification or shelving scheme Dewey Decimal Classification
Item type English Books
Classification part 320.6
Call number suffix CRE
Holdings
Withdrawn status Lost status Not for loan Collection code Home library Current library Date acquired Cost, normal purchase price Full call number Barcode Copy number Cost, replacement price Koha item type
    Not For Loan Non-fiction D.B.Act.Division D.B.Act.Division 26/07/2010 450.00 320.6 CRE EN-80462 1 450.00 English Books

© Delhi Public Library
Hit Counter
free hit counter